000 00400nam a2200169Ia 4500
008 210210b1962 xxu||||| |||| 00| 0 eng d
041 _aeng
082 _a387/2
100 _aALLEN (H V)
245 _aCommercial arithmetic
260 _aLondon
_bLongman Green & Co Ltd.,
_c1962
300 _aix,446
650 _aCommercial
650 _aarithmetic
690 _aArithmetics
906 _a005646
999 _c125663
_d125663